| 000 | 01009nam a2200217Ia 4500 | ||
|---|---|---|---|
| 003 | Ost | ||
| 005 | 20260507075114.0 | ||
| 008 | 260507s9999||||xx |||||||||||||| ||und|| | ||
| 020 | _a9961623665 | ||
| 040 | _cfsecg | ||
| 041 | _aara | ||
| 100 |
_aدويدار، محمد _eمؤلف |
||
| 245 | 0 |
_aمبادئ الاقتصاد السياسي : _bالاقتصاد النقدي / _c محمد دويدار |
|
| 260 |
_aالجزائر: _bالمؤسسة الوطنية للفنون المطبعية, _c2004 |
||
| 300 |
_a541 صفحة؛ _bإيضاحات ؛ _c24 سم |
||
| 504 | _a(اقتناءات 2014 1ن) | ||
| 520 | _aالأداء اليومي للاقتصاد الرأسمالي، العلاقات الاقتصادية الدولية للإقتصاديين، في الاقتصاد الدولي المعاصر، التفسير النظري للعلاقات الاقتصادية الدولية | ||
| 653 | _aالإقتصاد السياسي | ||
| 653 | _aالعلاقات الدولية | ||
| 942 | _cكتاب | ||
| 999 |
_c42989 _d42989 |
||